[Event "Coimbatore"]
[Site "Coimbatore"]
[Date "1987.??.??"]
[Round "?"]
[White "Zaichik, Gennadi"]
[Black "Barua, Dibyendu"]
[Result "1/2-1/2"]
[WhiteElo "2490"]
[BlackElo "2455"]

1.Nf3 d5 2.g3 c6 3.Bg2 Bf5 4.O-O Nd7 5.c4 e6 6.d3 Ngf6 7.Nc3 Be7 8.Be3 dxc4
9.dxc4 e5 10.h3 O-O 11.Rc1 h6 12.Nd2 Qc7 13.a3 Rfd8 14.b4 Nf8 15.Qb3 Ne6
16.g4 Bg6 17.Nd5 Qd7 18.Nxf6+ Bxf6 19.Ne4 Be7 20.Rcd1 Nd4 21.Bxd4 exd4 22.c5 h5
23.gxh5 Bxh5 24.Ng3 Bg6 25.e4 Qe6 26.Qxe6 fxe6 27.f4 Bh4 28.f5 Bf7 29.fxe6 Bxe6
30.Nf5 Bxf5 31.Rxf5 g6 32.Rf3 Bg5 33.Bf1 Rf8 34.Bc4+ Kg7 35.Rdf1 Rxf3 36.Rxf3 Rf8
37.Rxf8 Kxf8 38.a4 Bd2 39.b5 Bb4 40.bxc6 bxc6 41.Kg2 Ke7 42.e5 Bxc5 43.Kf3  1/2-1/2

[Event "Coimbatore"]
[Site "Coimbatore"]
[Date "1987.??.??"]
[Round "?"]
[White "Sahu, Sekhar Chandra"]
[Black "Pavanasam, Ananchaperumal"]
[Result "1-0"]
[WhiteElo "2380"]
[BlackElo "2360"]

1.Nf3 d5 2.g3 Nf6 3.Bg2 c6 4.b3 g6 5.Bb2 Bg7 6.d3 Nbd7 7.O-O O-O 8.c4 dxc4
9.bxc4 Qc7 10.a4 e5 11.a5 Re8 12.Nbd2 Nh5 13.Ra2 f5 14.Qc2 Nc5 15.Nb3 Na6
16.Ba3 Nf6 17.Nfd2 Be6 18.Nc5 Nxc5 19.Bxc5 Nd7 20.Bb4 Rad8 21.Nb3 Nf8 22.Bc5 b6
23.Be3 Bc8 24.Rb1 Ne6 25.axb6 axb6 26.Nc1 c5 27.Qa4 f4 28.Bd2 Nd4 29.Qa7 Qd6
30.Bd5+ Be6 31.Rxb6 Qf8 32.Rxe6 Nxe6 33.Ra6 Rd6 34.Nb3 Kh8 35.Rxd6 Qxd6 36.Bxe6 Qxe6
37.Nxc5 Qc6 38.Ne4 Ra8 39.Qe7 Ra1+ 40.Kg2 Ra8 41.gxf4 exf4 42.Bxf4 Re8 43.Qd6 Qa8
44.Qd5 Qxd5 45.cxd5 Kg8 46.e3 Be5 47.Bg5 Kf7 48.d6 Ke6 49.Be7 Rc8 50.d4  1-0

[Event "Coimbatore"]
[Site "Coimbatore"]
[Date "1987.??.??"]
[Round "?"]
[White "Lukacs, Peter"]
[Black "Csom, Istvan"]
[Result "1/2-1/2"]
[WhiteElo "2520"]
[BlackElo "2480"]

1.Nf3 d5 2.g3 c6 3.Bg2 Bg4 4.O-O Nd7 5.d3 Ngf6 6.Nbd2 e6 7.b3 a5 8.a3 Bc5
9.Bb2 O-O 10.c4 b5 11.cxb5 cxb5 12.h3 Bxf3 13.Nxf3 Qb6 14.Ne5 Nxe5 15.Bxe5 Bd4
16.Bxd4 Qxd4  1/2-1/2

[Event "Coimbatore"]
[Site "Coimbatore"]
[Date "1987.??.??"]
[Round "?"]
[White "Sahu, Sekhar Chandra"]
[Black "Barua, Dibyendu"]
[Result "0-1"]
[WhiteElo "2380"]
[BlackElo "2455"]

1.Nf3 d5 2.g3 c6 3.Bg2 Bf5 4.c4 e6 5.Qb3 Qb6 6.Nc3 Nd7 7.d3 Ngf6 8.O-O h6
9.cxd5 exd5 10.Be3 Qxb3 11.axb3 a6 12.h3 Bd6 13.Rfc1 O-O 14.Na4 Rfe8 15.g4 Bh7
16.Bf1 Rad8 17.Nc5 Nxc5 18.Bxc5 Bf4 19.Rc2 h5 20.Ra4 Bb8 21.g5 Nd7 22.Be3 Nf8
23.Rh4 Bg6 24.Rb4 Rd7 25.Nh4 Bh7 26.Ng2 Ne6 27.Rh4 Bg6 28.Rc1 Be5 29.d4 Bc7
30.b4 Bd8 31.Nf4 Nxg5 32.Nxg6 fxg6 33.Rf4 Bc7 34.Rc2 Ne6  0-1

[Event "Coimbatore"]
[Site "Coimbatore"]
[Date "1987.??.??"]
[Round "?"]
[White "Pavanasam, Ananchaperumal"]
[Black "Barua, Dibyendu"]
[Result "0-1"]
[WhiteElo "2360"]
[BlackElo "2455"]

1.Nf3 d5 2.g3 c6 3.Bg2 Bf5 4.c4 e6 5.cxd5 exd5 6.Qb3 Qb6 7.Nd4 Bg6 8.Qe3+ Be7
9.d3 Nf6 10.O-O c5 11.Nf3 Nc6 12.Qd2 O-O 13.Nh4 Rfe8 14.Nxg6 hxg6 15.Nc3 Rad8
16.b3 Bf8 17.Bb2 Qa5 18.Rfd1 b5 19.e4 dxe4 20.Nxe4 Qxd2 21.Nxf6+ gxf6 22.Rxd2 Re6
23.a4 Na5 24.Rad1 Nxb3 25.Rc2 a6 26.Bf1 c4 27.axb5 axb5 28.Kg2 Ra6 29.Be2 Rad6
30.Rc3 Nc5 31.Ba3 Na4 32.Rcc1 cxd3 33.Bf1 Rd4 34.Bxf8 Kxf8 35.Rd2 b4 36.Rb1 Nc3
37.Rb3 Ke7 38.f3 Kd6 39.h4 Kc5  0-1

[Event "Coimbatore"]
[Site "Coimbatore"]
[Date "1987.??.??"]
[Round "?"]
[White "Pavanasam, Ananchaperumal"]
[Black "Lukacs, Peter"]
[Result "1/2-1/2"]
[WhiteElo "2360"]
[BlackElo "2520"]

1.Nf3 d5 2.g3 Nf6 3.Bg2 c6 4.O-O Bg4 5.c4 e6 6.Qb3 Qb6 7.d3 Nbd7 8.Be3 Bc5
9.d4 Be7 10.c5 Qxb3 11.axb3 O-O 12.Nc3 Bxf3 13.Bxf3 b6 14.cxb6 axb6 15.Rac1 c5
16.Rfd1 Rfc8 17.Nb5 h6 18.Bd2 cxd4 19.Nxd4 Nc5 20.b4 Nce4 21.Nc6 Bc5 22.bxc5 Rxc6
23.cxb6 Rxb6 24.Rc2 Nxd2 25.Rdxd2 Rab8 26.Kg2 Rb4 27.e3 Nd7 28.Bd1 Nb6 29.Be2 Na4
30.Rc7 Rxb2 31.Rxb2 Nxb2 32.h4 g6 33.f4 Kg7 34.g4 Rb3 35.Kf2 Na4 36.Bd1 Rc3
37.Rxc3 Nxc3 38.Bc2 Kf8 39.Ke1 Ke7 40.Kd2 Nb5 41.Bd3 Na7 42.e4 Nc6 43.exd5 exd5
44.Ke3 Kd6 45.g5 hxg5 46.hxg5 Ne7 47.Bb5 Nf5+ 48.Kd3 Kc5 49.Be8 Nd6 50.Bd7 d4
51.Ba4 Nb7 52.Bb3 Nd8 53.Ba2 Ne6  1/2-1/2

[Event "Copenhagen op"]
[Site "Copenhagen"]
[Date "1987.??.??"]
[Round "1"]
[White "Knudsen, John"]
[Black "Rodgaard, John"]
[Result "0-1"]
[WhiteElo "2215"]
[BlackElo "2370"]

1.Nf3 d5 2.g3 Nf6 3.Bg2 c6 4.d3 Bg4 5.h3 Bh5 6.g4 Bg6 7.Ne5 Nbd7 8.Nxg6 hxg6
9.c4 dxc4 10.dxc4 e5 11.Nc3 a5 12.b3 Bb4 13.Bd2 Qe7 14.Qc2 Nf8 15.g5 N6d7
16.h4 Ne6 17.e3 Ndc5 18.O-O-O a4 19.Nxa4 Nxa4 20.bxa4 Bxd2+ 21.Rxd2 Nc5 22.a5 Rxa5
23.h5 Qxg5 24.f4 Qf5 25.hxg6 Rxh1+ 26.Bxh1 fxg6 27.fxe5 Qxc2+ 28.Rxc2 Nd3+
29.Kd2 Nxe5 30.Kc3 Ke7 31.Rb2 Ra7 32.Be4 g5 33.Kd4 Kd6 34.c5+ Ke6 35.Rb4 Rxa2
36.Rxb7 Ra4+ 37.Kc3 Rxe4 38.Rxg7 g4 39.Kd2 Kd5  0-1

[Event "Copenhagen op"]
[Site "Copenhagen"]
[Date "1987.??.??"]
[Round "8"]
[White "Knudsen, John"]
[Black "Sorensen, Henrik"]
[Result "0-1"]
[WhiteElo "2215"]
[BlackElo "2250"]

1.Nf3 d5 2.g3 c6 3.Bg2 Bg4 4.O-O Nd7 5.d3 e5 6.Nbd2 Ngf6 7.h3 Bxf3 8.Nxf3 Qc7
9.e4 dxe4 10.dxe4 Bc5 11.Qe2 O-O 12.Nh4 Rfe8 13.Kh1 Nf8 14.Bg5 N6d7 15.Nf5 f6
16.Bh6 gxh6 17.Nxh6+ Kg7 18.Nf5+ Kh8 19.Nh6 Nb6 20.f4 exf4 21.Rxf4 Bd4 22.Qh5 Ng6
23.Rg4 Re5 24.Nf5 Rg8 25.Qh6 Bc5 26.Rd1 Bf8 27.Qh5 Nc4 28.Rd3 Nxb2 29.Rd4 Bc5
30.Qh6 Bxd4 31.Rxg6 Rxf5 32.exf5 Be5 33.Be4 Qa5 34.Qe3 Rd8 35.Qb3 Qe1+ 36.Kh2 Qxe4  0-1

[Event "Copenhagen op"]
[Site "Copenhagen"]
[Date "1987.??.??"]
[Round "9"]
[White "Knudsen, John"]
[Black "Nilsson, Nils Specht"]
[Result "0-1"]
[WhiteElo "2215"]
[BlackElo "2230"]

1.Nf3 d5 2.g3 c6 3.Bg2 Nf6 4.d3 Bg4 5.Nbd2 Nbd7 6.h3 Bh5 7.g4 Bg6 8.Nh4 e5
9.Nxg6 hxg6 10.e4 dxe4 11.Nxe4 Nxe4 12.dxe4 Bc5 13.Qe2 Qb6 14.c3 a5 15.O-O Nf8
16.Kh1 Ne6 17.f4 Qc7 18.f5 Nf4 19.Bxf4 exf4 20.fxg6 fxg6 21.Qc4 Qe5 22.Rad1 b5
23.Rd5 Qxd5 24.exd5 bxc4 25.dxc6  0-1

[Event "Debrecen"]
[Site "Debrecen"]
[Date "1987.??.??"]
[Round "9"]
[White "Barczay, Laszlo"]
[Black "Karolyi, Tibor Jr"]
[Result "0-1"]
[WhiteElo "2375"]
[BlackElo "2420"]

1.Nf3 d5 2.g3 c5 3.Bg2 Nc6 4.d4 e6 5.O-O Nf6 6.c4 dxc4 7.Ne5 Bd7 8.Na3 cxd4
9.Naxc4 Nxe5 10.Nxe5 Qb6 11.Qb3 Bb5 12.Bg5 Be7 13.Rfc1 O-O 14.Nc4 Qa6 15.a4 Bc6
16.Bxc6 bxc6 17.Ne5 Rfc8 18.Qf3 c5 19.b4 cxb4 20.Nc6 Bf8 21.Bxf6 gxf6 22.Nxd4 Rxc1+
23.Rxc1 Rc8 24.Rxc8 Qxc8 25.Nb3 Be7 26.Kg2 Qd7 27.a5 f5 28.a6 Kg7 29.g4 Qd5
30.gxf5 Qxf5 31.Qg3+ Kf6 32.f4 Qg6 33.Kf3 Qxg3+ 34.hxg3 e5 35.e3 Ke6  0-1

[Event "Dortmund-A"]
[Site "Dortmund"]
[Date "1987.??.??"]
[Round "?"]
[White "Marangunic, Srdjan"]
[Black "Farago, Ivan"]
[Result "1/2-1/2"]
[WhiteElo "2450"]
[BlackElo "2535"]

1.g3 d5 2.Nf3 Nf6 3.Bg2 c6 4.O-O Bg4 5.b3 e6 6.Bb2 Nbd7 7.d3 Be7 8.Nbd2 O-O
9.c4 a5 10.a3 Bd6 11.d4 Qb8 12.a4 Re8 13.Re1 Bb4 14.Rf1 h6 15.Qc1 Qa7 16.Bc3 c5
17.e3 Rac8 18.Ne5 cxd4 19.Bxd4 Qa6 20.Nxg4 Nxg4 21.Qd1 Ngf6 22.cxd5 exd5
23.Bh3 Rcd8 24.Rc1 Qd6 25.Nb1 Ne4 26.Bg2 Ne5 27.Nc3 Nxc3 28.Bxc3 Bxc3 29.Rxc3 b6
30.Qd4 Qf6 31.Rfc1 Rd6 32.h3 Red8  1/2-1/2

[Event "Dortmund (Women)"]
[Site "Dortmund"]
[Date "1987.??.??"]
[Round "7"]
[White "Lauterbach, Ingrid"]
[Black "Ehrke, Anja"]
[Result "1/2-1/2"]
[WhiteElo "2090"]
[BlackElo "2135"]

1.Nf3 d5 2.g3 c6 3.Bg2 Bg4 4.h3 Bxf3 5.Bxf3 e5 6.d3 Nf6 7.Nd2 Nbd7 8.c4 dxc4
9.dxc4 Be7 10.O-O O-O 11.b3 Qc7 12.Qc2 Nc5 13.Bb2 a5 14.a3 Rfd8 15.Rfd1 g6
16.Bg2 Ne6 17.e3 Nc5 18.Bc3 Rd7 19.b4 Nd3 20.Ne4 Nxe4 21.Bxe4 axb4 22.axb4 Rxa1
23.Rxa1 Nxb4 24.Ra8+ Rd8 25.Rxd8+ Qxd8 26.Qa4 Na6  1/2-1/2

[Event "HUN-ch op"]
[Site "Eger"]
[Date "1987.??.??"]
[Round "?"]
[White "Baldauf, Markus"]
[Black "Kiss, Pal"]
[Result "0-1"]
[WhiteElo "2325"]
[BlackElo "2300"]

1.Nf3 d5 2.g3 c6 3.c4 e6 4.Bg2 Bd6 5.d4 f5 6.O-O Nf6 7.b3 Qe7 8.Bb2 Nbd7
9.Nbd2 O-O 10.Ne5 Ne4 11.Nd3 b6 12.f3 Ng5 13.e4 Ba6 14.Qc2 Rac8 15.Rae1 fxe4
16.fxe4 dxc4 17.Nxc4 Rxf1+ 18.Rxf1 c5 19.Qd2 Bxc4 20.bxc4 cxd4 21.Bxd4 Rxc4
22.Ba1 Nxe4 23.Qe2 Ndc5 24.Nxc5 Bxc5+ 25.Kh1 Nxg3+ 26.hxg3 Rh4+ 27.Bh3 Rxh3+
28.Kg2 Rh6 29.Qe4 Qe8 30.Qb7 e5 31.Bxe5 Qc6+ 32.Qxc6 Rxc6 33.Rd1 Re6 34.Rd5 h6
35.Kf3 Be7 36.Bf4 g5 37.Bb8 a5 38.Rd7 Kf7 39.Rb7 Kg6 40.g4 h5 41.gxh5+ Kxh5
42.Ba7 Bc5 43.Rh7+ Kg6 44.Rh8 Re7 45.Bb8 Rf7+ 46.Kg4 Rf2 47.Rg8+ Kf6 48.Bc7 Rxa2
49.Bd8+ Kf7 50.Rh8 Ra4+ 51.Kf5 Rh4 52.Rxh4 gxh4 53.Bxh4 b5 54.Ke5 Be7 55.Be1 a4
56.Kd4 Bf6+  0-1

[Event "HUN-ch op"]
[Site "Eger"]
[Date "1987.??.??"]
[Round "?"]
[White "Dejkalo, Stefan"]
[Black "Boensch, Uwe"]
[Result "0-1"]
[WhiteElo "2355"]
[BlackElo "2530"]

1.g3 d5 2.Nf3 Nf6 3.Bg2 c6 4.O-O Bg4 5.d3 Nbd7 6.Qe1 e5 7.e4 dxe4 8.dxe4 Bc5
9.b4 Bd6 10.c3 a5 11.Nbd2 axb4 12.Nc4 Qe7 13.Nxd6+ Qxd6 14.cxb4 Be6 15.Nh4 O-O
16.a3 Bc4 17.Qd1 Qe6 18.Re1 Rfd8 19.Qf3 Nf8 20.Rd1 Nxe4 21.Bb2 Ng5 22.Qe3 f6
23.Qb6 Rd7 24.Rxd7 Qxd7 25.Qc5 Be6 26.Re1 Nh3+ 27.Bxh3 Bxh3 28.Qc3 Rd8 29.Bc1 Ne6
30.f4 exf4 31.gxf4 Nd4 32.Kf2 Bg4 33.Re3 Qd5 34.Rd3 b6 35.Be3 c5 36.bxc5 bxc5
37.Qa5 g5 38.Bxd4 gxh4 39.Bxf6 Qa2+  0-1

[Event "HUN-ch op"]
[Site "Eger"]
[Date "1987.??.??"]
[Round "?"]
[White "Dejkalo, Stefan"]
[Black "Butnorius, Algimantas"]
[Result "1-0"]
[WhiteElo "2355"]
[BlackElo "2410"]

1.g3 d5 2.Nf3 c5 3.Bg2 Nf6 4.O-O Nc6 5.d4 cxd4 6.Nxd4 e6 7.c4 Bc5 8.Nb3 Be7
9.cxd5 Nxd5 10.Bd2 Bf6 11.Nc3 O-O 12.Rc1 Re8 13.Nc5 Bxc3 14.Bxc3 b6 15.Nd3 Bb7
16.Qa4 Qe7 17.Qg4 f6 18.Rfd1 Rad8 19.Be1 Qf7 20.Qa4 e5 21.Rxc6 Bxc6 22.Qxc6 e4
23.Qc4 exd3 24.Qxd3 Re5 25.Bc3 Rh5 26.e4 Rh6 27.exd5 f5 28.Be5 Qe7 29.Qxf5 Rg6
30.d6 Qe8 31.Bd5+ Kh8 32.Bf7 Qa4 33.b3 Qg4 34.Qxg4 Rxg4 35.d7  1-0

[Event "Frunze"]
[Site "Frunze"]
[Date "1987.??.??"]
[Round "?"]
[White "Yurtaev, Leonid"]
[Black "Imanaliev, Taalaibek"]
[Result "1/2-1/2"]
[WhiteElo "2460"]
[BlackElo "2385"]

1.Nf3 d5 2.g3 c6 3.Bg2 Nf6 4.O-O Bg4 5.c4 e6 6.cxd5 exd5 7.d3 Be7 8.Nc3 O-O
9.h3 Bxf3 10.Bxf3 Nbd7 11.Bg2 Re8 12.Qc2 Nc5 13.b3 d4 14.Na4 Nxa4 15.bxa4 Nd5
16.Bb2 Bf6 17.Rfe1 h5 18.Qb3 h4 19.Bxd5 cxd5 20.g4 Re6 21.Rac1 Rb6 22.Qc2 Bg5
23.Bxd4 Rc6 24.Qb2 Bxc1 25.Rxc1 Rxc1+ 26.Qxc1 b6 27.Kg2 Rc8 28.Qf4 Qe7 29.e3 Rc2
30.a5 bxa5 31.g5 Rxa2 32.Qxh4 Rd2 33.Qf4 Rxd3 34.Kg3 Rd1 35.f3 a4 36.h4 a3
37.Qb8+ Kh7 38.Qc8 Qd6+ 39.f4 Rd2 40.h5 a2 41.Be5 Qe7 42.g6+  1/2-1/2

[Event "Gausdal zt"]
[Site "Gausdal"]
[Date "1987.??.??"]
[Round "?"]
[White "Karlsson, Lars"]
[Black "Rantanen, Yrjo A"]
[Result "1-0"]
[WhiteElo "2480"]
[BlackElo "2385"]

1.Nf3 d5 2.g3 Nf6 3.Bg2 e6 4.O-O c6 5.d3 a5 6.c4 b5 7.cxb5 cxb5 8.e4 Bb7
9.e5 Nfd7 10.Bg5 Qb6 11.Be3 Qa6 12.Nc3 b4 13.Ne2 Nc6 14.d4 Nd8 15.Re1 Bc6
16.Nf4 Be7 17.Nh5 g6 18.Nf4 Bb5 19.h4 Kf8 20.Nh2 h6 21.Rc1 Kg7 22.Bxd5 exd5
23.Nxd5 Nc6 24.Nc7 Qb7 25.Nxa8 Rxa8 26.f4 Bd8 27.f5 gxf5 28.Qh5 Ne7 29.Bxh6+ Kg8
30.e6 Ng6 31.exf7+ Kxf7 32.Qxf5+ Nf6 33.Qe6+  1-0

[Event "Gausdal zt"]
[Site "Gausdal"]
[Date "1987.??.??"]
[Round "?"]
[White "Karlsson, Lars"]
[Black "Hector, Jonny"]
[Result "1-0"]
[WhiteElo "2480"]
[BlackElo "2420"]

1.Nf3 d5 2.g3 c6 3.Bg2 Bg4 4.O-O Nd7 5.d3 Ngf6 6.c4 e6 7.b3 Bd6 8.Bb2 O-O
9.h3 Bxf3 10.Bxf3 Qe7 11.Bg2 e5 12.cxd5 cxd5 13.Nc3 Qe6 14.Nb5 Bb8 15.Rc1 Qa6
16.Nc7 Bxc7 17.Rxc7 Qxa2 18.Qc2 Qa6 19.e4 dxe4 20.dxe4 Rfe8 21.Ra1 Qb6 22.Bc1 a6
23.Qc4 Rab8 24.Be3 Qd6 25.Bf3 Red8 26.Rd1 Qf8 27.Qa4 h6 28.b4 b5 29.Qa5 Qe7
30.Kg2 Ra8 31.Rc6 Re8 32.Qc7 Qxb4 33.Rxd7 Nxd7 34.Qxd7 Qe7 35.Qg4 Kh7 36.Qh5 f6
37.Bg4 Qb7 38.Bf5+ Kg8 39.Rb6 Qe7 40.Qg6 Rf8 41.Qh7+ Kf7 42.Bg6+  1-0

[Event "Gausdal zt"]
[Site "Gausdal"]
[Date "1987.??.??"]
[Round "?"]
[White "Bjarnason, Saevar"]
[Black "Hector, Jonny"]
[Result "1/2-1/2"]
[WhiteElo "2355"]
[BlackElo "2420"]

1.Nf3 d5 2.g3 Nc6 3.Bg2 e5 4.d3 f5 5.O-O Nf6 6.c4 dxc4 7.Qa4 Bd6 8.Qxc4 Qe7
9.a3 Be6 10.Qc2 a5 11.b3 e4 12.Nfd2 Nd4 13.Qd1 a4 14.bxa4 exd3 15.exd3 O-O
16.Bb2 Bc5 17.Nc3 f4 18.Nce4 Nxe4 19.Bxe4 fxg3 20.hxg3 Qg5 21.Kg2 Qh6 22.Rh1 Bh3+
23.Rxh3 Rxf2+ 24.Kxf2 Qxh3 25.Qh1 Rf8+ 26.Ke1 Qxg3+ 27.Kd1 Qg4+ 28.Kc1 h6
29.Qg2 Qd7 30.Bxb7 Qxa4 31.Qd5+ Kh8 32.Qc4 Qa7 33.Be4 c6 34.Kb1 Rf2 35.Bc3 Nb5
36.Ra2 Nxa3+ 37.Rxa3 Qxa3 38.d4 Bf8 39.Bc2 Rh2 40.Bb3 Rh1+ 41.Kc2 Qc1+ 42.Kd3 Rh3+
43.Ke2 Rh2+ 44.Kd3 Rh3+ 45.Ke2 Rh2+ 46.Kd3  1/2-1/2

[Event "Gausdal zt (Women)"]
[Site "Gausdal"]
[Date "1987.??.??"]
[Round "?"]
[White "Borisova, Borislava"]
[Black "Dahl, Ingrid"]
[Result "1/2-1/2"]
[WhiteElo "2210"]
[BlackElo "2045"]

1.Nf3 d5 2.g3 Nf6 3.Bg2 c6 4.c4 Bf5 5.cxd5 cxd5 6.Qb3 Qc7 7.Nc3 e6 8.d3 Nbd7
9.O-O a6 10.Be3 Nc5 11.Bxc5 Bxc5 12.Na4 Bd6 13.Rac1 Qe7 14.Nb6 Rd8 15.Nc8 Qd7
16.Nxd6+ Qxd6 17.Qxb7 O-O 18.Rc6 Qb8 19.Qxb8 Rxb8 20.b3 a5 21.Ra6 Ra8 22.Rxa8 Rxa8
23.Rc1 Kf8 24.Ne5 Bg6 25.h3 Ne8 26.Nd7+ Ke7 27.Nb6 Rb8 28.Rc6 Nd6 29.Rc7+ Ke8
30.Na4 Kd8 31.Rc5 Rb5 32.Kf1 Rxc5 33.Nxc5 Kc7 34.Ke1 Kc6 35.Na4 Kb5 36.a3 d4
37.Kd2 f6 38.Nb2 Bf7 39.Nc4 Nxc4+ 40.dxc4+ Kc5 41.Kd3 e5 42.e3 Bg6+ 43.e4 Bh5
44.g4 Bf7 45.h4 g5 46.hxg5 fxg5 47.Bf3 h6 48.Be2 Be8 49.Kd2 Bg6 50.Bd3 Be8
51.Ke2 Bd7 52.Kf3 Be8 53.Kg3 Bf7 54.f4 gxf4+ 55.Kh4 Be8 56.g5 hxg5+ 57.Kxg5 Bd7
58.Kf6 Bh3 59.Kxe5 f3 60.b4+ axb4 61.axb4+ Kxb4 62.Kxd4 f2 63.c5 f1=Q 64.Bxf1 Bxf1
65.Kd5 Kb5 66.c6 Kb6 67.Kd6 Bh3 68.e5 Bg4 69.c7 Kb7  1/2-1/2

[Event "Dreszer mem"]
[Site "Gdynia"]
[Date "1987.??.??"]
[Round "1"]
[White "Stratil, Ladislav Jr"]
[Black "Matlak, Marek"]
[Result "1/2-1/2"]
[WhiteElo "2370"]
[BlackElo "2390"]

1.Nf3 d5 2.g3 Nf6 3.Bg2 Bf5 4.O-O e6 5.d3 h6 6.b3 Be7 7.Bb2 O-O 8.Nbd2 Bh7
9.Ne5 Nbd7 10.Nxd7 Qxd7 11.e4 dxe4 12.Nxe4 Nxe4 13.Bxe4 Bxe4 14.dxe4 Qxd1
15.Raxd1 Rfd8 16.Be5 Rxd1 17.Rxd1 Rd8 18.Rd3 Rxd3 19.cxd3 Bd6 20.Bd4 a6 21.Kg2 f5
22.f4 Kf7 23.Kf3 g6 24.h3 h5 25.g4 hxg4+ 26.hxg4 c6 27.Bb6  1/2-1/2

[Event "Dreszer mem"]
[Site "Gdynia"]
[Date "1987.??.??"]
[Round "11"]
[White "Stratil, Ladislav Jr"]
[Black "Jigjidsuren, Purev"]
[Result "1/2-1/2"]
[WhiteElo "2370"]
[BlackElo "2365"]

1.Nf3 d5 2.g3 c5 3.Bg2 Nc6 4.O-O Nf6 5.d3 e6 6.Nbd2 Be7 7.e4 dxe4 8.dxe4 O-O
9.c3 b6 10.Re1 Bb7 11.Qe2 Qc7 12.e5 Nd7 13.h4 Rfe8 14.Nf1 Nf8 15.N1h2  1/2-1/2

[Event "Bundesliga 8687"]
[Site "Germany"]
[Date "1987.??.??"]
[Round "?"]
[White "Bialas, Wolfram"]
[Black "Muse, Mladen"]
[Result "1/2-1/2"]
[WhiteElo "2345"]
[BlackElo "2405"]

1.Nf3 d5 2.g3 c6 3.Bg2 Bg4 4.d3 Nd7 5.h3 Bxf3 6.Bxf3 e5 7.e4 dxe4 8.dxe4 Ngf6
9.O-O Bc5 10.Nd2 O-O 11.a4 a5 12.Qe2 Re8 13.Nc4 Nf8 14.Rd1 Qc7 15.Bg5 N6d7
16.Qd2 Nb6 17.Nxa5 Ne6 18.Nb3 Nxa4 19.Bg4 Nxg5 20.Qxg5 Be7 21.Qe3 Nb6 22.Qc3 Ra4
23.Rxa4  1/2-1/2

[Event "Bundesliga 8687"]
[Site "Germany"]
[Date "1987.??.??"]
[Round "?"]
[White "Gerusel, Mathias"]
[Black "Meister, Peter"]
[Result "1/2-1/2"]
[WhiteElo "2390"]
[BlackElo "2325"]

1.Nf3 d5 2.g3 c6 3.Bg2 Bg4 4.b3 Nf6 5.Bb2 e6 6.d3 Be7 7.Nbd2 O-O 8.O-O a5
9.a3 Nbd7 10.e4 dxe4 11.dxe4 e5 12.Qe1 Bxf3 13.Nxf3 Qc7 14.Rd1 Rfe8 15.Qe2 Bf8
16.Ne1 Rad8 17.a4 Nc5 18.Nd3 Nxd3 19.Rxd3 Rxd3 20.Qxd3 Rd8 21.Qe2 Bc5 22.Rd1 Rd6
23.Bf3 Qd8 24.Rxd6 Qxd6 25.Bc3  1/2-1/2

[Event "Bundesliga 8687"]
[Site "Germany"]
[Date "1987.??.??"]
[Round "?"]
[White "Rostalski, Walter"]
[Black "Eppinger, Georg"]
[Result "1-0"]
[WhiteElo "2275"]
[BlackElo "2335"]

1.Nf3 d5 2.g3 Nc6 3.d4 Bg4 4.Bg2 e6 5.O-O Be7 6.c4 Bf6 7.cxd5 exd5 8.e3 Qd7
9.Re1 Nge7 10.Nbd2 O-O-O 11.b4 Nxb4 12.Rb1 c5 13.dxc5 Nxa2 14.Bb2 Nc3 15.Bxc3 Bxc3
16.Qb3 Bxd2 17.Nxd2 Be6 18.Rb2 Qc7 19.Reb1 Rd7 20.Qc3 f6 21.Rxb7 Qxb7 22.Rxb7 Kxb7
23.Nc4 Rb8 24.Na5+ Kc7 25.h3 Nc6 26.Nb3 Bf7 27.Nd4 Nxd4 28.Qa5+ Kc8 29.exd4 Rb1+
30.Kh2 Rb2 31.c6 Re7 32.Bf1 Rb6 33.Qc5 Re6 34.Bb5 Re1 35.c7 Be8 36.Qf8 Kxc7  1-0

[Event "Bundesliga 8687"]
[Site "Germany"]
[Date "1987.??.??"]
[Round "?"]
[White "Schulz, Klaus Juergen"]
[Black "Sonntag, Hans Hubert"]
[Result "1/2-1/2"]
[WhiteElo "2440"]
[BlackElo "2295"]

1.Nf3 d5 2.g3 Nf6 3.Bg2 Bf5 4.O-O e6 5.d3 Be7 6.Nbd2 O-O 7.Nh4 Bg4 8.h3 Bh5
9.c4 c6 10.Rb1 a5 11.Nhf3 h6 12.cxd5 exd5 13.Nd4 Re8 14.N2f3 Bxf3 15.Nxf3 Nbd7
16.Qc2 Nc5  1/2-1/2

[Event "Bundesliga 8687"]
[Site "Germany"]
[Date "1987.??.??"]
[Round "?"]
[White "Mack, Peter"]
[Black "Short, Nigel D"]
[Result "0-1"]
[WhiteElo "2280"]
[BlackElo "2615"]

1.Nf3 d5 2.g3 Nc6 3.Bg2 e5 4.d3 Nf6 5.O-O h6 6.c4 dxc4 7.dxc4 Be6 8.Qb3 Rb8
9.Rd1 Bd6 10.Nc3 a6 11.Qa4 Bd7 12.Qc2 O-O 13.Nd5 Nxd5 14.cxd5 Ne7 15.Nd2 f5
16.Nc4 b5 17.Nxd6 cxd6 18.Qb3 a5 19.f4 exf4 20.gxf4 b4 21.Qg3 Rf6 22.Be3 Rg6
23.Qf2 Rb5 24.Kh1 Rxg2 25.Qxg2 Rxd5 26.Rxd5 Bc6 27.Kg1 Nxd5 28.Bd4 Qe7 29.e3 Bb7
30.Qg6 Nc7 31.Qxf5 Be4 32.Qg4 Ne6 33.Bb6 a4 34.Rc1 Qf7 35.Ba5 h5 36.Qg3 Qf6
37.Qf2 Nc5 38.Bxb4 Nd3 39.Rc8+ Kf7 40.Rc7+ Ke6 41.Bc3 Qd8 42.Qc2 Qxc7 43.Qxa4 Kf5
44.Qe8 g6 45.Qf8+ Kg4 46.Qf6 Qc5  0-1

[Event "Bundesliga 8687"]
[Site "Germany"]
[Date "1987.??.??"]
[Round "?"]
[White "Hickl, Joerg"]
[Black "Glienke, Manfred"]
[Result "1-0"]
[WhiteElo "2430"]
[BlackElo "2300"]

1.Nf3 d5 2.g3 Nf6 3.Bg2 Bf5 4.d3 e6 5.O-O h6 6.b3 Be7 7.Bb2 O-O 8.c4 c6 9.Qc2 Nbd7
10.Nc3 Bh7 11.Rac1 a6 12.Nd1 Rc8 13.Ne3 Bd6 14.Bh3 Rc7 15.Qc3 Re8 16.b4 Bf8
17.Qb3 Qe7 18.a3 Rcc8 19.Rfe1 Qd8 20.Rc2 Qb6 21.Bd4 Bc5 22.Bxc5 Nxc5 23.Qc3 Na4
24.Qa1 dxc4 25.Rxc4 Qd8 26.Ne5 Nb6 27.Rc2 Nfd5 28.Nxd5 cxd5 29.Rxc8 Qxc8
30.Rc1 Qb8 31.Qd4 Qd6 32.Rc2 f6 33.Nc4 Nxc4 34.Rxc4 Bg6 35.Rc5 Rd8 36.Qc3 Be8
37.Rc8 Kf7 38.Qc7+ Qxc7 39.Rxc7+ Rd7 40.Rc8 Re7 41.Bg4 g6 42.Kf1 Bd7 43.Rc1 Bc6
44.Ke1 e5 45.e3 f5 46.Bd1 Ke6 47.a4 Kd6 48.a5 d4 49.Kd2 Rc7 50.exd4 exd4
51.Rc4 Ke5 52.f4+ Ke6 53.Bb3 Ke7 54.Rxd4 Rc8 55.Rc4 Rd8 56.Rc5 Kf6 57.Re5 Rd6
58.Ke3 Bb5 59.d4  1-0

[Event "DSV-Turnier"]
[Site "Halle"]
[Date "1987.??.??"]
[Round "?"]
[White "Dizdar, Goran"]
[Black "Horvath, Csaba"]
[Result "1/2-1/2"]
[WhiteElo "2500"]
[BlackElo "2455"]

1.Nf3 d5 2.g3 Nf6 3.Bg2 c6 4.O-O Bg4 5.c4 e6 6.d3 Nbd7 7.cxd5 cxd5 8.Nc3 Be7
9.e4 O-O 10.h3 Bh5 11.g4 dxe4 12.dxe4 Bg6 13.Qe2 Nc5 14.Ne5 Qd4 15.Nxg6 hxg6
16.Rd1 Qb4 17.Be3 Rfd8 18.e5 Ne8 19.a3 Qb3 20.Nb5 a5 21.Nd4 Qa4 22.Nb5 Rac8
23.Rac1 b6 24.Na7 Rc7 25.Nc6 Rdc8 26.Qc4 Bf8 27.Qxa4 Nxa4 28.b3 Nc5 29.Bxc5 Bxc5
30.b4 axb4 31.axb4 Bxb4 32.Ra1 Bc5 33.Ra7 Kf8 34.Rxc7 Nxc7 35.Rd7 Ke8 36.Rd3 Nd5
37.Na7 Ra8 38.Nb5 Ra2 39.Nc7+ Kd7 40.Bxd5 exd5 41.Nxd5 Bxf2+ 42.Kf1 Ke6 43.Nxb6 Kxe5
44.Nc4+ Kf4 45.Rd2 Rxd2 46.Nxd2 Be3 47.Nc4 Bc1 48.Kg2 f6 49.Nd6 Ba3 50.Ne8 Bf8
51.Nc7 Ke5 52.Kf3 g5 53.Nb5 Bb4 54.Nc7 g6 55.Nb5 Kd5 56.Nc7+ Kd4 57.Ne6+ Ke5
58.Nc7 Bc3 59.Nb5 Bb2 60.Na7 Kd5 61.Nc8 Ba3 62.Nb6+ Kd4 63.Nd7 Be7 64.Nb6 f5
65.Nd7 f4 66.Nb8 Bf6 67.Na6 Kc4 68.Nc7 Kd4  1/2-1/2

[Event "DSV-Turnier"]
[Site "Halle"]
[Date "1987.??.??"]
[Round "?"]
[White "Dizdar, Goran"]
[Black "Tomaszewski, Roman"]
[Result "0-1"]
[WhiteElo "2500"]
[BlackElo "2435"]

1.Nf3 d5 2.g3 Nf6 3.Bg2 e6 4.O-O c5 5.d3 Nc6 6.Nbd2 Be7 7.e4 O-O 8.Re1 Re8
9.c3 b5 10.e5 Nd7 11.Nf1 a5 12.h4 Ba6 13.N1h2 Rc8 14.Ng4 Nf8 15.h5 Nd7 16.h6 g6
17.Bf4 b4 18.Qd2 a4 19.Bg5 a3 20.Bxe7 Qxe7 21.bxa3 bxc3 22.Qxc3 c4 23.d4 Ra8
24.Qe3 Bc8 25.Qf4 Rxa3 26.Rab1 c3 27.Ng5 Ra4 28.Nf6+ Nxf6 29.exf6 Qd8 30.Nf3 Rxa2
31.Bf1 Ba6 32.Bxa6 Rxa6 33.Rb7 Ra4 34.Ne5 Nxe5 35.Qxe5 Rc4 36.Rc1 c2 37.Rb2  0-1

[Event "POL-chT"]
[Site "Jachranka"]
[Date "1987.??.??"]
[Round "11"]
[White "Doda, Zbigniew"]
[Black "Adamski, Jan"]
[Result "1/2-1/2"]
[WhiteElo "2345"]
[BlackElo "2420"]

1.Nf3 d5 2.g3 b6 3.Bg2 Bb7 4.O-O e6 5.c4 dxc4 6.Qa4+ Nd7 7.Qxc4 Ngf6 8.d3 Be7
9.Qc2 O-O 10.Nc3 c5 11.Bf4 a6 12.a4 Nh5 13.Bd2 Rc8 14.Rac1 Nhf6 15.Bf4 Nd5
16.Nxd5 Bxd5 17.e4 Bb7 18.Rfd1 Nb8  1/2-1/2

[Event "Jakarta zt"]
[Site "Jakarta"]
[Date "1987.??.??"]
[Round "?"]
[White "Sitanggang, Salor"]
[Black "Depasquale, Chris"]
[Result "0-1"]
[WhiteElo "2410"]
[BlackElo "2290"]

1.g3 d5 2.Nf3 Nf6 3.Bg2 c6 4.d3 Bg4 5.Nbd2 Nbd7 6.O-O e5 7.h3 Bh5 8.e4 dxe4
9.dxe4 Bc5 10.c3 O-O 11.Qe2 Qc7 12.b4 Be7 13.Nc4 Rfd8 14.a4 b5 15.Ncd2 a6
16.a5 c5 17.Ba3 Nb8 18.g4 Bg6 19.Nh4 cxb4 20.Bxb4 Bxb4 21.cxb4 Nc6 22.Nb3 Nxb4
23.Rac1 Qe7 24.Nf5 Bxf5 25.exf5 Nfd5 26.Rc5 Rac8 27.Rfc1 Nf4 28.Qe4 Rxc5
29.Rxc5 Nbd3 30.Rc6 Qh4 31.Qe3 Nxg2 32.Kxg2 h5 33.Qg3 Qxg3+ 34.Kxg3 Nb4 35.Rc3 hxg4
36.hxg4 Rd3+ 37.Rxd3 Nxd3 38.Kf3 f6 39.Ke3 Nb4 40.Ke4 Kf7 41.f4 exf4 42.Kxf4 Ke7
43.g5 Kd6 44.Kg4 Nc6 45.Kh5 Ne7 46.Kg4 Kd5 47.gxf6 gxf6 48.Kf4 b4  0-1